[Event "Titled Tuesday intern op 05th Dec Late"]
[Site "Chess.com INT"]
[Date "2023.12.05"]
[Round "4"]
[White "Ozen, Metehan"]
[Black "Dong, Kyle Qiyu"]
[Result "1/2-1/2"]
[WhiteElo "2252"]
[BlackElo "1911"]
[PlyCount "63"]
[EventDate "2023.12.05"]
[EventType "swiss (blitz)"]
[EventRounds "11"]
[EventCountry "USA"]
[SourceTitle "EXT 2025"]
[Source "ChessBase"]
[SourceDate "2024.10.14"]
[SourceVersion "1"]
[SourceVersionDate "2024.10.14"]
[SourceQuality "1"]

1. c4 c5 2. Nc3 Nc6 3. g3 g6 4. Bg2 Bg7 5. d3 e5 6. Qd2 Nge7 7. b3 d6 8. Bb2 Be6 9. e3 d5 10. Nge2 0-0 11. 0-0 dxc4 12. bxc4 Bxc4 13. Rfd1 Be6 14. Ne4 b6 15. f4 Rc8 16. Rf1 f5 17. Ng5 Bd5 18. fxe5 Nxe5 19. Nf4 Bxg2 20. Qxg2 Qd6 21. Nge6 Bf6 22. Nxf8 Rxf8 23. Rad1 Rd8 24. d4 Nc4 25. dxc5 Qxd1 26. Bxf6 Nxe3 27. Bxe7 Nxf1 28. Qxf1 Qd4+ 29. Qf2 Qd1+ 30. Qf1 Qd4+ 31. Qf2 Qd1+ 32. Qf1 1/2-1/2

[Event "Titled Tuesday intern op 05th Dec Late"]
[Site "Chess.com INT"]
[Date "2023.12.05"]
[Round "1"]
[White "Van Dael, Siem"]
[Black "Dong, Kyle Qiyu"]
[Result "1-0"]
[WhiteElo "2374"]
[BlackElo "1911"]
[PlyCount "83"]
[EventDate "2023.12.05"]
[EventType "swiss (blitz)"]
[EventRounds "11"]
[EventCountry "USA"]
[SourceTitle "EXT 2025"]
[Source "ChessBase"]
[SourceDate "2024.10.14"]
[SourceVersion "1"]
[SourceVersionDate "2024.10.14"]
[SourceQuality "1"]

1. e4 c5 2. Nf3 Nc6 3. d4 cxd4 4. Nxd4 g6 5. c4 Bg7 6. Be3 Qb6 7. Nb5 Qa5+ 8. N5c3 Nf6 9. Nd2 a6 10. Nb3 Qc7 11. Nd5 Nxd5 12. cxd5 Nb4 13. Rc1 Qe5 14. Be2 Qxb2 15. 0-0 Nxa2 16. Rc2 Qa3 17. Bd4 f6 18. Qa1 Qxb3 19. Rxa2 Qb4 20. Rb1 Qd6 21. Rb6 Qc7 22. Bd3 0-0 23. Rc2 Qd8 24. d6 e5 25. Be3 f5 26. Rc7 f4 27. Bc5 Qg5 28. f3 h5 29. Bf1 h4 30. Qa2+ Kh8 31. h3 Qf6 32. Qd5 Re8 33. Bf2 Qg5 34. Bc4 Qf6 35. Qf7 Rf8 36. Qxf6 Rxf6 37. Bxh4 Rf8 38. Be7 Re8 39. Bf7 a5 40. Bxe8 a4 41. Bf7 a3 42. Ba2 1-0

[Event "World op 50th"]
[Site "Philadelphia"]
[Date "2022.07.02"]
[Round "5"]
[White "Dong, Kyle Qiyu"]
[Black "Yanayt, Eugene"]
[Result "1/2-1/2"]
[WhiteElo "1684"]
[BlackElo "2080"]
[PlyCount "24"]
[EventDate "2022.06.30"]
[EventType "swiss"]
[EventRounds "9"]
[EventCountry "USA"]
[SourceTitle "CBM 209 Extra"]
[Source "ChessBase"]
[SourceDate "2022.09.30"]
[SourceVersion "1"]
[SourceVersionDate "2022.09.30"]
[SourceQuality "1"]

1. e4 c5 2. Nf3 d6 3. g3 g6 4. Bg2 Bg7 5. d3 Nc6 6. 0-0 h5 7. c3 Nf6 8. h3 0-0 9. a4 Rb8 10. Na3 a6 11. Qe2 Re8 12. Nh4 b5 1/2-1/2